000 01038nam a22002177a 4500
999 _c59763
_d59763
003 Ge_BSU
005 20230411141711.0
008 230411s2004 ge ||||| |||| 00| 0 geo d
020 _a9992858923
041 _ageo
080 _a82.09-34 ჩ-78
100 _aჩოლოყაშვილი, რუსუდან
_917616
245 _aუძველეს რწმენა-წარმოდგენათა კვალი ხალხურ ზღაპრულ ეპოსში /
_cრუსუდან ჩოლოყაშვილი; [რედ.: ამირან არაბული].
264 _aთბილისი :
_bნეკერი,
_c2004.
300 _a198გვ. ;
_b20სმ.
504 _aბიბლიოგრ.: გვ. 191-197.
520 _aრეზიუმე ინგლ. ენ.
653 _aზღაპრის ისტორია და კრიტიკა
700 _aარაბული, ამირან
_eრედაქტორი
_95770
942 _2udc
_cBK